000 00463nam a22001697a 4500
005 20250418151958.0
008 250418b |||||||| |||| 00| 0 eng d
020 _a9781666869729
040 _aSDCL
_cSDCL
041 _2eng
_aeng
084 _aX:71 R4
100 _aRoussel, Ivan
_9752438
245 _aTheory and applications of microeconomics
260 _aWilmington :
_bAmerican Academic Publisher,
_c2024.
300 _axii,317p.
942 _2CC
_cTEXL
_n0
999 _c1309156
_d1309156